000
00208 a2200097 4500
001
10812
100
_a
Shibli Numani
245
_a
Omer the Great Vol-II
260
_a
_b
Sh.M. Ashraf
_c
090
_c
8398
_d
8398
942
_a
NUST-CAE
_c
M
_c
35153
999
_c
245885
_d
245885